000 00563nam a22001817a 4500
003 UA-OsUOA
001 13541
007 ta
008 20030608b un ||||| |||| 00| 0 ukr d
100 _aПопенко В.
942 _cSA
040 _aUA-OsUOA
_cUA-OsUOA
_dUA-OsUOA
245 _aОдкровення макітри: [Рец. на кн. Басараби В."Прісне і присмачене"]
300 _aС.6
955 _a0
773 0 _w0
_tВільне слово
_dРівне
_d2003
_g№43/4 черв./
650 7 _aБасараба В.
_2UDC
999 _c299702
_d299702